Fuerzas ocultas

Saved in:
Bibliografiske detaljer
Hovedforfatter: Kloppenburg, Boaventura (Author)
Format: Bog
Sprog:spansk
Udgivet: Bogotá Paulinas 1983
Fag:
Tags: Tilføj Tag
Ingen Tags, Vær først til at tagge denne postø!

MARC

LEADER 00000nam a2200000 a 4500
001 UCK1178
003 CL-VaPUC
008 041105e19830000CK |||||||||||||||||spa|d
082 0 4 |a 291.2  |b KLO  |2 21 
100 |a Kloppenburg, Boaventura  |e author  |9 489031 
245 1 0 |a Fuerzas ocultas 
300 |a 317 p 
942 |c BK 
945 |d 20041105 00:00:00  |a cmena 
260 |a Bogotá  |b Paulinas  |c 1983 
650 0 |a Ocultismo   |9 265006 
650 0 |a Sociología de la religión   |9 337481 
650 0 |a Psicología   |9 257863 
650 0 |a Creencia Religiosa  |9 316904 
583 |a last modification  |c 20041105 00:00:00  |k Rodrigo Vera 
999 |c 311262  |d 311260 
952 |0 0  |1 0  |4 0  |6 291_200000000000000_KLO_1983  |7 0  |8 A  |9 380578  |a BIBTEO  |b BIBTEO  |d 2019-11-21  |i 4075919  |o 291.2 KLO 1983  |p 4075919  |r 2024-01-18  |w 2019-11-21  |y BK  |k ICR